000 00250nam a2200097Ia 4500
001 653921
005 20250826154507.0
008 250824s9999 xx 000 0 und d
245 0 _aENYADO GİBİ YAŞAMAK
_cŞEHRİ MADAN
260 _bGENÇ HAYAT YAYINLARI
999 _c653921
_d653921